Estimulación y desarrollo en la iniciación al Tenis.
Guardat en:
| Autor principal: | |
|---|---|
| Altres autors: | , |
| Format: | Llibre |
| Publicat: |
Santiago, Chile:
Federación de Tenis de Chile,
1996.
|
| Edició: | Primera edición |
| Matèries: | |
| Etiquetes: |
Afegir etiqueta
Sense etiquetes, Sigues el primer a etiquetar aquest registre!
|
MARC
| LEADER | 00000nam a22000007a 4500 | ||
|---|---|---|---|
| 003 | CL-VaPUC | ||
| 005 | 20240508163645.0 | ||
| 008 | 240424t1996 ||||| |||| 00| 0 eng d | ||
| 999 | |c 443601 |d 443599 | ||
| 040 | |c Pontificia Universidad Católica de Valparaíso | ||
| 082 | 7 | |2 22 |a 796.34 AVI 1996 | |
| 100 | 1 | |a Avilés V., Carlos |e autor |9 888529 | |
| 245 | |a Estimulación y desarrollo en la iniciación al Tenis. | ||
| 250 | |a Primera edición | ||
| 260 | |a Santiago, Chile: |b Federación de Tenis de Chile, |c 1996. | ||
| 300 | |a 104 páginas. | ||
| 500 | |a c.1 Donación Arturo Torres Chavez. Memo Donación 15-04-2024 | ||
| 583 | |c 20240424 |k Catalogador Asistente | ||
| 650 | 0 | |9 308192 |a Tenis |v Deportes escolares |v Entrenamiento | |
| 650 | 0 | |9 255605 |a Niños |v Deportes |v Tenis | |
| 700 | |a Campos T., Alfredo |e autor |9 888530 | ||
| 700 | |a Abarca de la F., Juan P. |e autor |9 888531 | ||
| 942 | |2 ddc |c BK | ||
| 952 | |0 0 |1 0 |2 ddc |4 0 |6 796_340000000000000_AVI_1996 |7 0 |8 A |9 594196 |a BIBEDU |b BIBEDU |d 2024-04-24 |e Donación |i 5660807 |o 796.34 AVI 1996 |p 5660807 |r 2024-04-24 |t 1 |w 2024-04-24 |y BK |k EFI | ||